Manic street preachers songs by lyrics - Statistics

General Stats
  • This quiz has been taken 18 times
  • The average score is 8 of 15
Answer Stats
Hint Answer % Correct
Under neon loneliness, everlasting nothingness Motorcycle emptiness
100%
Libraries gave us power, then work came and made us free A design for life
81%
Miller and Mailer is spat out Plath and Pinter Faster
81%
In these plagued streets of pity you can buy anything Yes
75%
I sold my medal, It paid a bill La tristesse durera (scream to a sigh)
69%
The elephant is so ugly, he sleeps his head machetes his bed Kevin Carter
63%
Kate and Christian and KitKat, all things I like looking at 4st 7lb
56%
European skies, European desires, European roads, European hopes Europa geht durch mich
50%
Assassinated beauty, Moths broken up, quenched at last Little baby nothing
50%
All I want to do is live, no matter how miserable it is Enola/alone
44%
Third world to the first, Kill to live, kill for kicks Slash 'n' burn
44%
Once you roared now you just grunt lame Small black flowers that grow in the sky
38%
I never meant to believe in you, it's so hard just surviving the truth Dylan & Caitlin
31%
Laminated, all of my skin Builder of routines
25%
My optimism resembles a dying flame Still snowing in sapporro
19%
No matching quizzes found
Score Distribution
Percent of People with Each Score
Percentile by Number Answered
Your Score History
You have not taken this quiz